DFB Pokalsieger - Statistiken

Allgemein
  • Dieses Quiz wurde 315 mal gespielt
  • Das Durchschnittsergebnis liegt bei 5 aus 10
Answers on the Grid
Answers color-coded by a green-red scale on the quiz's grid according to % correct below.
Bayern München
FC Augsburg
Borussia Mönchengladbach
SV Werder Bremen
1.FC Köln
Energie Cottbus
MSV Duisburg
VFB Stuttgart
Borussia Dortmund
Eintracht Frankfurt
1. FC Kaiserslautern
1860 München
Fortuna Düsseldorf
VFL Wolfsburg
Bayer Leverkusen
Kickers Offenbach
1. FC Nürnberg
FSV Mainz 05
Union Berlin
Schalke 04
Hertha BSC
Preußen Münster
Hamburger Sportverein
SK Rapid Wien
 
Antwortstatistiken
Antwort % Korrekt
Bayern München
97%
Borussia Dortmund
70%
SV Werder Bremen
65%
VFB Stuttgart
61%
Borussia Mönchengladbach
60%
1.FC Köln
53%
Eintracht Frankfurt
48%
Schalke 04
23%
1. FC Nürnberg
18%
Hamburger Sportverein
12%
Keine übereinstimmenden Quizze gefunden
Verteilung der Resultate
Anzahl Personen mit jedem Resultat
Perzentil nach korrekt beantworteten Fragen
Ihre Resultats-Entwicklung
Sie haben dieses Quiz noch nicht gespielt